000 00274nam a2200121Ia 4500
008 190216s9999||||xx |||||||||||||| ||und||
100 _aNull
245 0 _aIndustrial Economics
260 _bKing`S Books Delhi
_c2001
300 _a496 p
650 _aEconomics
942 _cBK
999 _c10598
_d10598